| 000 | 01475cam a22003857a 4500 | ||
|---|---|---|---|
| 003 | EG-ScBUE | ||
| 005 | 20220530104147.0 | ||
| 008 | 090708m20012009enka f 000 0 eng d | ||
| 020 | _a9780194590631 (Level 1) | ||
| 020 | _a0194590631 (Level 1) | ||
| 020 | _a019459095X (Level 2) | ||
| 020 | _a9780194590952 (Level 2) | ||
| 020 | _a0194591344 (Level 3) | ||
| 020 | _a9780194591348 (Level 3) | ||
| 040 |
_aEG-ScBUE _beng _erda _cEG-ScBUE _dEG-ScBUE |
||
| 082 | 0 | 4 |
_a428 _bVIN _222 |
| 100 | 1 |
_aViney, Peter, _eauthor. _97791 |
|
| 245 | 1 | 0 |
_aEnglish channel, _pStudent's book / _cPeter Viney, Karen Viney. |
| 246 | 3 | 0 | _aStudent's book |
| 250 | _aReprinted edition. | ||
| 264 | 1 |
_aOxford ; _aNew York : _bOxford University Press, _c[between 2001-2009] |
|
| 300 |
_a3 volumes : _bcolor illustrations ; _c28 cm. |
||
| 336 |
_2rdacontent _atext _btxt |
||
| 337 |
_2rdamedia _aunmediated _bn |
||
| 338 |
_2rdacarrier _avolume _bnc |
||
| 490 | 0 | _aOxford English video | |
| 505 | 0 | _aLevel 1 -- Level 2 -- Level 3. | |
| 520 | _aThree-level English language teaching video series. Each level build on the popular grapevine format of eight self-contained comedy stories with dialogue constructed with in a grammar-based syllabus. | ||
| 590 | _abasant emad | ||
| 650 | 7 |
_aEnglish language _vTextbooks for foreign speakers. _2BUEsh _97792 |
|
| 653 |
_bHHUUEENN _cDecember2019 |
||
| 655 |
_vReading book _934232 |
||
| 700 | 1 |
_aViney, Karen, _eauthor. _97794 |
|
| 942 |
_2ddc _cBB |
||
| 999 |
_c12265 _d12265 |
||